000 005790000a22001930004500
001 768714001
003 CO-MdFUSB
005 20170608160359.0
008 170608s2004 cr ||||| |||| 00| 0 spa d
022 _a1659-0074
040 _aCO-MdFUSB
_bspa
_cCO-MdFUSB
_dCO-MdFUSB
041 _aspa
100 1 _aMegashie, Tokio
_eautor
245 1 0 _aSalmo de una mujer
300 _aVolumen 1. Número 4 (2004), Página 23
_c 27 cm.
546 _aTexto en español
773 0 _tApuntes Mujer Líder
_049442
_960150
_gVolumen 1. Número 4 (2004), Página 23
_qPágina 23
942 _cANA
999 _c60777
_d60777